Statistics for Middle Eastern Geography By Letter - H

Click here to take the quiz!

General Stats

  • This quiz has been taken 84 times
  • The average score is 7 of 20

Answer Stats

ClueAnswer% Correct
Official language of IsraelHebrew
96%
Islamic pilgrimage to MeccaHajj
88%
Famous former cathedral in IstanbulHagia Sophia
88%
Islamic equivalent of KosherHalal
81%
Third-biggest city of IsraelHaifa
74%
Eastern strait of the Persian GulfHormuz
62%
Third-biggest city of SyriaHoms
39%
Second-holiest city of JudaismHebron
28%
Ruling dynasty of JordanHashemites
23%
Islamic movement in YemenHouthis
19%
National animal of LebanonHyena
12%
Sixth-biggest city of Saudi ArabiaHofuf
10%
Arabic for AleppoHalab
10%
Yemen's principal port on the Red SeaHudaydah
6%
Old yet populous city in western IranHamadan
6%
Major city between the above
and Tel Aviv
Hadera
4%
Iranian province that borders the aboveHormozgan
4%
Southeastern Bahraini archipelagoHawar Islands
3%
Arabic dialect spoken in Saudi ArabiaHejazi
1%
Once-a-country Turkish provinceHatay
1%

Score Distribution

Percentile by Number Answered

Percent of People with Each Score

Your Score History

You have not taken this quiz